000 01752nam a2200409 c 4500
003 BLK
005 20180420223644.0
008 180408b bul|||||r ||||||| ||bul||
010 _aKNG00073453000
020 _a954-9817-27-Х
_bиздат.: Алианс-97
040 _aBLK
041 _aBUL
_cBUL
080 _aИзобразителни изкуства и художествени занаяти
_b73/76
_x.036(73)
_z73/76.036(73)
080 _aИзобразителни изкуства и художествени занаяти
_b73/76
_x.071.1(73)(092)
_z73/76.071.1(73)(092)
080 _aБиографии
_b929
_x(73)
_z929(73)
100 1 _aМарцона, Даниел
_eпърви автор
_993824
700 1 _aРазсолкова, Кристин Миркова
_eпрев. от нем.
_9114510
139 _aМарцона, Даниел
_bМ 41
245 1 0 _aМинималистично изкуство
_cДаниел Марцона; прев. от нем. Кристин Миркова Разсолкова.
257 _aDEU
260 София
_bАлианс-97
_c2005
300 _a96 с.
_bс цв. ил.
_c23 см
380 _a7
500 _aБез сведение за ориг. загл. - Офс. изд.
650 4 _aИзобразително изкуство, съвременно
_9285217
650 4 _aХудожници, американски
_9294262
653 _aминималистично изкуство
653 _aизобразително изкуство
653 _aхудожници
653 _aбиографии
653 _aСАЩ
852 _aЦб 232711
856 4 _qpdf
_u
856 4 _qpdf
_u
942 _cKNG
_n0
944 _aCR
_c26.03.2007
_kЛюдмила_Стоянова
944 _aED
_c04.06.2007
_k
999 _c69112
_d69112